000 01465nam0a22003011 4500
001 v19\rc\1994880
005 20260406004017.0
035 _a(NLR Aleph) 005272022
090 _a6009698
_c6009698
100 _a20080811d1914 |||y0rusy50 ca
101 1 _arus
_cfre
102 _aRU
105 _ay z |||||
200 1 _aСоветы нервным больным и их семьям
_fД-р Г. Цбинден
_gС предисл. проф. Берн. ун-та Дюбуа
_gПер. с фр. под ред. д-ра О.И. Бронштейна
_gС предисл. к рус. пер. проф. Н.Н. Баженова
210 _aМосква
_c"Польза" В. Антик и К°
_d1914
215 _a124 с.
_d15
225 1 _aУниверсальная библиотека
_v№ 640
700 1 _8rus
_7ca
_aЦбинден
_bА.
_gАнри
_3RU\NLR\AUTH\77113533
_996458
702 1 _4080
_8rus
_7ca
_aДюбуа
_bП.
_cневропатолог
_f1848-1918
_gПоль
_3RU\NLR\AUTH\77113534
_996459
702 1 _4340
_8rus
_7ca
_aБронштейн
_bО. И.
_cд-р медицины
_f1873-1944
_gОсип Ильич
_3RU\NLR\AUTH\77112652
_995577
702 1 _aБаженов
_bН.Н.
_f1857-1923
_gНиколай Николаевич
_4080
801 0 _aRU
_bNLR
_c20080811
_gpsbo
801 0 _aRU
_bRuMoRGB
_c20080811
_2psbo
801 1 _aRU
_bProSoft-M
_c20080811
_2rusmarc
801 2 _aRU
_bNLR
_c20120704
_2rusmarc
852 _aNLR
_j37.36.11.1(№ 640)
942 _cBOOK
980 _aNB